The Missing Link #3 - Statistics

General Stats
  • This quiz has been taken 86 times
  • The average score is 11 of 15
Answer Stats
Picture Hint Answer % Correct
Nazi Leader Adolf Hitler
97%
South African Leader Nelson Mandela
97%
Actor Charlie Chaplin
94%
POTUS George W Bush
90%
Actor / Politician Arnold Schwarzenegger
89%
Singer Lady Gaga
86%
Fry Cook Spongebob Squarepants
85%
Pope John Paul II
82%
Singer Mick Jagger
77%
Wookiee Chewbacca
70%
Naturalist David Attenborough
70%
Environmentalist Greta Thunberg
69%
Actor / Python John Cleese
68%
Singer Shakira
68%
What's the Link ? All have creatures named after them
1%
No matching quizzes found
Score Distribution
Percent of People with Each Score
Percentile by Number Answered
Your Score History
You have not taken this quiz